00593nam a22001817a 450000500170000000800410001701000130005802000210007103500130009203700130010504000170011808200110013510000290014624501020017526000630027727000450034030000260038520180814133640.0180814b xxu||||| |||| 00| 0 eng d aA-715607 c0.00a8121506301 aA-715607 bBPPD/PUB adplbEnglish a220.21 aCoomaraswamy, Ananda K.  aA new approach to the vedas :cby Ananda K. Coomaraswamy bAn essay in translation and exegesis / aNew delhi bMunshiram manoharlal publishers pvt ltd c1933 a54 rani jhansi road bNew delhi e110055 aix, 115p.c22cm. (Hb)